LEADER 01621nam--2200457---450- 001 990001150540203316 005 20090120125901.0 010 $a88-386-2973-0 035 $a000115054 035 $aUSA01000115054 035 $a(ALEPH)000115054USA01 035 $a000115054 100 $a20030603h2003----km-y0enga50------ba 101 $aita 102 $aIT 105 $aa|||||||001yy 200 1 $a<> basi farmacologiche della terapia$fGoodman & Gilman$gedizione italiana a cura di Cesare Sirtori ... [et al.] 205 $a10. ed$feditors Joel G. Hardman, Lee E. Limbird$gconsulting editor Alfred Goodman Gilman 210 $aMilano$cMcGraw-Hill$dcopyr. 2003 215 $a1 v. (paginazione varia)$cill.$d28 cm 454 1$12001$aGoodman & Gilman's the pharmacological basis of therapeutics$913795 606 0 $aFarmacologia 606 0 $aTerapeutica 676 $a615.7 700 1$aGOODMAN,$bLouis Sanford$090069 701 1$aGILMAN,$bAlfred$0445099 702 1$aSIRTORI,$bCesare 801 0$aIT$bsalbc$gISBD 912 $a990001150540203316 951 $a615.7 GOO$b3954 Farm.$c615.7$d00131572 951 $a615.7 GOO (B)$b3985 Farm.$c615.7$d00123542 951 $a615.7 GOO (C)$b3986 Farm.$c615.7$d00123537 959 $aBK 969 $aFAR 979 $aMARIA$b10$c20030603$lUSA01$h1128 979 $aPATRY$b90$c20040406$lUSA01$h1720 979 $aANNASEN$b90$c20050308$lUSA01$h1726 979 $aRENATO$b90$c20050503$lUSA01$h1522 979 $aPAOLA$b90$c20090120$lUSA01$h1259 996 $aGoodman & Gilman's the pharmacological basis of therapeutics$913795 997 $aUNISA LEADER 01084nam0 2200325 450 001 9910500410303321 005 20211014090103.0 010 $a9783897905696 100 $a20211014d2019----km y0itay50 ba 101 2 $ager$ceng 102 $aAT 105 $aa 001yy 200 1 $aOtto Prutscher$eallgestalter der Wiener Moderne$fherausgeber/editors Christoph Thun-Hohenstein, Rainald Franz$gtexte von/texts by Silvia Colombari ... [et al.] 210 $aVienna$cMAK$aStuttgart$cArnoldsche$d2019 215 $a160 p.$cill.$d26 cm 225 0 $aMAK studies$v26 300 $aTesto in tedesco e inglese 510 1 $aOtto Prutscher$eUniversal designer of Viennese modernism 610 0 $aPrutscher, Otto 610 0 $aDesign di mobili$aAustria$aVienna$aSec. 20. 702 1$aThun-Hohenstein,$bChristoph 702 1$aFranz,$bRainald 702 1$aColombari,$bSilvia 801 0$aIT$bUNINA$gREICAT$2UNIMARC 901 $aBK 912 $a9910500410303321 952 $aMON C 836$b1232/2021$fFARBC 959 $aFARBC 996 $aOtto Prutscher$91877977 997 $aUNINA